| 000 | 00429nam a2200157Ia 4500 | ||
|---|---|---|---|
| 008 | 230718s9999 xx 000 0 und d | ||
| 041 | _aeng | ||
| 082 |
_a535 _bSUB |
||
| 100 |
_aSubrahmanyam N. _9158730 |
||
| 245 | _aTextbook Of Optics | ||
| 260 |
_c2009 _bS. Chand & Company |
||
| 300 | _a699 | ||
| 365 |
_cRs. _b325.00 |
||
| 700 | _aSubrahmanyam N.; Lal B. & Avadhanulu M.N. | ||
| 906 |
_dB:108090090714-Dec-2008 _cSS _b146.25 |
||
| 999 |
_c320525 _d320525 |
||